[Event "Muensterland Verbandsklasse 2122"]
[Site "Germany"]
[Date "2021.11.06"]
[Round "2.2"]
[White "Stein, Michael"]
[Black "Berger, Alfred Josef"]
[Result "1/2-1/2"]
[WhiteElo "1673"]
[BlackElo "1893"]
[PlyCount "139"]
[EventDate "2021.09.25"]
[EventType "team-tourn"]
[EventRounds "2"]
[EventCountry "GER"]
[SourceTitle "EXT 2023"]
[Source "ChessBase"]
[SourceDate "2022.10.05"]
[SourceVersion "1"]
[SourceVersionDate "2022.10.05"]
[SourceQuality "1"]
[WhiteTeam "Duelmen II"]
[BlackTeam "Heiden"]
[WhiteTeamCountry "GER"]
[BlackTeamCountry "GER"]

1. e4 e6 2. d3 d5 3. Nd2 c5 4. Ngf3 Nc6 5. g3 g6 6. Bg2 Bg7 7. 0-0 Nge7 8. c3 0-0 9. Re1 b6 10. e5 Ba6 11. d4 cxd4 12. cxd4 Nf5 13. Qa4 Qc8 14. Bf1 Bxf1 15. Nxf1 b5 16. Qd1 a5 17. Ne3 Nxe3 18. Bxe3 Qa6 19. a3 Rfc8 20. Qd3 Rc7 21. Rec1 Rac8 22. Rc3 Na7 23. Rac1 Qb7 24. Nd2 a4 25. Nb1 Bf8 26. Rxc7 Rxc7 27. Rxc7 Qxc7 28. Nc3 Qc6 29. Qd1 Be7 30. h4 Bd8 31. h5 Qc4 32. hxg6 hxg6 33. Qe2 Qxe2 34. Nxe2 Ba5 35. Nc3 Bxc3 36. bxc3 Nc6 37. Kg2 Na5 38. Kf3 Nc4 39. Bc1 Kg7 40. Kg4 Na5 41. Bg5 Nc4 42. Be7 Nd2 43. f4 Ne4 44. Bb4 f6 45. Ba5 f5+ 46. Kf3 Nd2+ 47. Kf2 Kh6 48. Bb4 Kh5 49. Ke3 Nb3 50. Kf3 Nd2+ 51. Ke3 Nc4+ 52. Kf3 Nd2+ 53. Ke3 Nf1+ 54. Kf3 Nh2+ 55. Kg2 Ng4 56. Kf3 Nh6 57. Bf8 Nf7 58. Be7 g5 59. Bf6 Kg6 60. Ke3 gxf4+ 61. gxf4 Nh6 62. Be7 Kh5 63. Kf3 Ng4 64. Bg5 Kg6 65. Be7 Kf7 66. Bh4 Ke8 67. Bg5 Kd7 68. Bh4 Nh6 69. Bg5 Ng4 70. Bh4 1/2-1/2

[Event "Muensterland Verbandsklasse 1718"]
[Site "Germany"]
[Date "2018.04.07"]
[Round "8.5"]
[White "Wiltschut, Arne"]
[Black "Stein, Michael"]
[Result "1-0"]
[WhiteElo "1785"]
[BlackElo "1676"]
[PlyCount "67"]
[EventDate "2017.09.16"]
[EventType "team-tourn"]
[EventRounds "9"]
[EventCountry "GER"]
[SourceTitle "EXT 2019"]
[Source "ChessBase"]
[SourceDate "2018.10.10"]
[SourceVersion "1"]
[SourceVersionDate "2018.10.10"]
[SourceQuality "1"]
[WhiteTeam "Hiltrup"]
[BlackTeam "Gescher"]
[WhiteTeamCountry "GER"]
[BlackTeamCountry "GER"]

1. d4 Nf6 2. e3 d5 3. Bd3 c6 4. f4 Bg4 5. Nf3 Nbd7 6. Nbd2 e6 7. 0-0 Be7 8. Qe1 Bxf3 9. Rxf3 Qb6 10. c3 c5 11. Kh1 cxd4 12. exd4 0-0-0 13. Rf1 Qc7 14. Nf3 Rdf8 15. Ne5 Nxe5 16. fxe5 Ne8 17. Qe2 a6 18. a4 Qd7 19. Bd2 f5 20. exf6 Bxf6 21. Bf4 Nc7 22. Rfc1 Kd8 23. b4 g5 24. Be5 h6 25. b5 a5 26. b6 Bxe5 27. Qxe5 Ne8 28. c4 Qd6 29. cxd5 exd5 30. Rc5 Qxb6 31. Rxd5+ Kc8 32. Bf5+ Rxf5 33. Qxf5+ Kb8 34. Qe5+ 1-0

[Event "Muensterland Verbandsklasse 1718"]
[Site "Germany"]
[Date "2017.12.16"]
[Round "4.5"]
[White "Stein, Michael"]
[Black "Schlattmann, Martin"]
[Result "1/2-1/2"]
[WhiteElo "1676"]
[BlackElo "1750"]
[PlyCount "25"]
[EventDate "2017.09.16"]
[EventType "team-tourn"]
[EventRounds "9"]
[EventCountry "GER"]
[SourceTitle "EXT 2019"]
[Source "ChessBase"]
[SourceDate "2018.10.10"]
[SourceVersion "1"]
[SourceVersionDate "2018.10.10"]
[SourceQuality "1"]
[WhiteTeam "Gescher"]
[BlackTeam "Stadtlohn"]
[WhiteTeamCountry "GER"]
[BlackTeamCountry "GER"]

1. e4 e5 2. Nf3 Nc6 3. Bc4 Be7 4. 0-0 Nf6 5. d3 d6 6. h3 h6 7. c3 0-0 8. Nbd2 Na5 9. Re1 Nxc4 10. Nxc4 Be6 11. Ne3 Qd7 12. Nf1 Nh7 13. d4 1/2-1/2

[Event "Muensterland Verbandsklasse 1213 playof"]
[Site "Germany"]
[Date "2013.06.01"]
[Round "1.4"]
[White "Stein, Michael"]
[Black "Wigger, Reiner"]
[Result "1/2-1/2"]
[WhiteElo "1703"]
[BlackElo "1831"]
[PlyCount "52"]
[EventDate "2013.06.01"]
[EventType "team-match"]
[EventRounds "1"]
[EventCountry "GER"]
[SourceTitle "EXT 2015"]
[Source "ChessBase"]
[SourceDate "2014.11.20"]
[SourceVersion "1"]
[SourceVersionDate "2014.11.20"]
[SourceQuality "1"]
[WhiteTeam "Gescher"]
[BlackTeam "Muenster Indische Dame"]
[WhiteTeamCountry "GER"]
[BlackTeamCountry "GER"]

1. e4 d5 2. exd5 Nf6 3. c4 c6 4. d4 cxd5 5. Nc3 e6 6. Nf3 Bb4 7. Qa4+ Nc6 8. Ne5 Bd7 9. Nxc6 Bxc3+ 10. bxc3 Bxc6 11. Qb4 dxc4 12. Bxc4 Nd5 13. Bxd5 Qxd5 14. f3 a5 15. Qb3 0-0 16. 0-0 Rfc8 17. Re1 Qf5 18. c4 a4 19. Qb1 Qa5 20. Be3 Qc3 21. Qc1 Qd3 22. Rd1 Qg6 23. Kf2 Bd5 24. c5 Qh5 25. Kg1 Qg6 26. Kf2 Bc6 1/2-1/2

[Event "Muensterland Verbandsklasse-B 1213"]
[Site "Germany"]
[Date "2013.02.23"]
[Round "6.4"]
[White "Schemmann, Bernhard"]
[Black "Stein, Michael"]
[Result "1/2-1/2"]
[WhiteElo "1817"]
[BlackElo "1704"]
[PlyCount "40"]
[EventDate "2012.09.15"]
[EventType "team-tourn"]
[EventRounds "9"]
[EventCountry "GER"]
[SourceTitle "EXT 2015"]
[Source "ChessBase"]
[SourceDate "2014.11.20"]
[SourceVersion "1"]
[SourceVersionDate "2014.11.20"]
[SourceQuality "1"]
[WhiteTeam "Beelen"]
[BlackTeam "Gescher"]
[WhiteTeamCountry "GER"]
[BlackTeamCountry "GER"]

1. d4 Nf6 2. c4 g6 3. Nc3 d5 4. Nf3 Bg7 5. Qb3 dxc4 6. Qxc4 a6 7. e4 b5 8. Qb3 Bb7 9. e5 Nd5 10. a4 Nxc3 11. bxc3 Bd5 12. Qd1 c6 13. Be2 0-0 14. 0-0 Nd7 15. Nd2 Nb6 16. c4 Nxc4 17. Nxc4 bxc4 18. Ba3 Re8 19. Rc1 e6 20. Bxc4 Qa5 1/2-1/2

[Event "Muensterland Verbandsklasse-A 0304"]
[Site "Germany"]
[Date "2004.03.27"]
[Round "8.7"]
[White "Stein, Michael"]
[Black "Gerighausen, Karl Heinz"]
[Result "1/2-1/2"]
[WhiteElo "1616"]
[BlackElo "1732"]
[PlyCount "39"]
[EventDate "2003.09.20"]
[EventType "team-tourn"]
[EventRounds "9"]
[EventCountry "GER"]
[SourceTitle "EXT 2005"]
[Source "ChessBase"]
[SourceDate "2004.11.15"]
[SourceVersion "1"]
[SourceVersionDate "2004.11.15"]
[SourceQuality "1"]
[WhiteTeam "Gesch II"]
[BlackTeam "Ibbenbueren"]
[WhiteTeamCountry "GER"]
[BlackTeamCountry "GER"]

1. e4 c5 2. Nf3 d6 3. d4 cxd4 4. c3 dxc3 5. Nxc3 Nc6 6. Bc4 a6 7. 0-0 Nf6 8. e5 dxe5 9. Qxd8+ Nxd8 10. Nxe5 e6 11. Rd1 Nd7 12. Bf4 Nxe5 13. Bxe5 Bd7 14. Ne4 Bc6 15. Nd6+ Bxd6 16. Bxd6 b5 17. Bb3 Nb7 18. Rac1 Nxd6 19. Rxc6 Nc4 20. Bxc4 1/2-1/2

[Event "Passau op 6th"]
[Site "Passau"]
[Date "1998.04.12"]
[Round "6"]
[White "Matuschek, Thomas"]
[Black "Stein, Michael"]
[Result "0-1"]
[WhiteElo "1480"]
[BlackElo "1574"]
[PlyCount "84"]
[EventDate "1998.04.10"]
[EventType "swiss"]
[EventRounds "7"]
[EventCountry "GER"]
[SourceTitle "EXT 1999"]
[Source "ChessBase"]
[SourceDate "1998.11.16"]
[SourceVersion "1"]
[SourceVersionDate "1998.11.16"]
[SourceQuality "1"]

1. e4 d5 2. exd5 Qxd5 3. Nc3 Qa5 4. Nf3 Bg4 5. Bc4 Nf6 6. d3 Nc6 7. Bxf7+ Kxf7 8. Ng5+ Qxg5 9. Bxg5 Bxd1 10. Nxd1 h6 11. Bf4 e5 12. Bg3 Bd6 13. 0-0 Nd4 14. Ne3 Ne2+ 15. Kh1 Nxg3+ 16. fxg3 Rhf8 17. Rae1 Kg8 18. Nc4 Rae8 19. Nxd6 cxd6 20. Re3 Nd5 21. Ref3 Rxf3 22. gxf3 Ne3 23. Rf2 d5 24. c3 d4 25. c4 Kf7 26. g4 Ke6 27. Kg1 Rc8 28. h3 a5 29. f4 Rf8 30. f5+ Kf6 31. b4 Ra8 32. bxa5 Rxa5 33. Rb2 Ra3 34. Rxb7 Kg5 35. Rxg7+ Kf4 36. Kf2 Rxa2+ 37. Ke1 Ng2+ 38. Kd1 Ke3 39. Rh7 Kxd3 40. Kc1 Kc3 41. Kd1 Ne3+ 42. Ke1 d3 0-1